Catálogo

Obras completas. (Registro nro. 63130)

Detalles MARC
000 -LEADER
fixed length control field 00626nam a2200193 a 4500
001 - CONTROL NUMBER
control field 63130
005 - DATE AND TIME OF LATEST TRANSACTION
control field 20180714065432.0
008 - FIXED-LENGTH DATA ELEMENTS--GENERAL INFORMATION
fixed length control field 150701s1999 sp 000 0 spa d
100 1# - MAIN ENTRY--PERSONAL NAME
Personal name Diadoco
Titles and words associated with a name Obispo de Fótice
Dates associated with a name siglo 5°.
245 10 - TITLE STATEMENT
Title Obras completas.
264 #1 - PRODUCTION, PUBLICATION, DISTRIBUTION, MANUFACTURE, AND COPYRIGHT NOTICE
Place of production, publication, distribution, manufacture España :
Name of producer, publisher, distributor, manufacturer Editorial Ciudad Nueva ;
Date of production, publication, distribution, manufacture, or copyright notice 1999
300 ## - PHYSICAL DESCRIPTION
Extent 200 páginas : ;
Dimensions 21 cm.
336 ## - CONTENT TYPE
Content type term texto
Source rdacontent
337 ## - MEDIA TYPE
Media type term sin mediación
Source rdamedia
338 ## - CARRIER TYPE
Carrier type term volumen
Source rdacarrier
490 0# - SERIES STATEMENT
Series statement Biblioteca de patrística
Volume/sequential designation 47
650 #4 - SUBJECT ADDED ENTRY--TOPICAL TERM
Topical term or geographic name entry element Vida espiritual
General subdivision Autores católicos
650 #4 - SUBJECT ADDED ENTRY--TOPICAL TERM
Topical term or geographic name entry element Vida espiritual
General subdivision Padres de la iglesia
Existencias
Withdrawn status Lost status Source of classification or shelving scheme Damaged status Not for loan Collection code Home library Current library Shelving location Date acquired Source of acquisition Inventory number Total Checkouts Full call number Barcode Date last seen Date last checked out Price effective from Koha item type
    Dewey Decimal Classification     General Biblioteca Karol Wojtyla Biblioteca Karol Wojtyla Sala general 01/07/2015 Compra 151000000000000000062546 1 189.2 DIA 1999 94239 05/01/2026 12/11/2018 04/08/2015 Libro